[Event "Wuerttemberg IMT"]
[Site "Lichtenstein"]
[Date "2023.09.07"]
[Round "6"]
[White "Braun, Georg"]
[Black "Kocharin, Timur"]
[Result "1/2-1/2"]
[WhiteElo "2395"]
[BlackElo "2147"]
[PlyCount "235"]
[EventDate "2023.09.02"]
[EventType "tourn"]
[EventRounds "9"]
[EventCountry "GER"]
[EventCategory "6"]
[SourceTitle "EXT 2024"]
[Source "ChessBase"]
[SourceDate "2023.10.10"]
[SourceVersion "1"]
[SourceVersionDate "2023.10.10"]
[SourceQuality "1"]

1. e4 c5 2. Nf3 Nc6 3. Bb5 g6 4. 0-0 Bg7 5. c3 Nf6 6. Re1 0-0 7. d4 cxd4 8. cxd4 d5 9. e5 Ne4 10. Bxc6 bxc6 11. Nc3 Nxc3 12. bxc3 Qa5 13. Bg5 f6 14. exf6 exf6 15. Bf4 Bd7 16. Qb3 Rfe8 17. Qb7 Rxe1+ 18. Rxe1 Qd8 19. Bd6 Bf8 20. Bxf8 Kxf8 21. h3 Kf7 22. Nd2 Qc8 23. Rb1 Ke8 24. Qb4 Kf7 25. Re1 Qf8 26. Qb7 Qc8 27. Rb1 Ke8 28. Qb4 Kf7 29. Nb3 Bf5 30. Re1 Qc7 31. Nc5 Re8 32. Rxe8 Kxe8 33. Qb2 Qe7 34. Qd2 Kf7 35. h4 g5 36. hxg5 fxg5 37. Qd1 Kg7 38. Qf3 Kg6 39. g4 Qe1+ 40. Kg2 Bc2 41. Kh2 Qe7 42. Kg2 Qe1 43. Kh2 Qe7 44. Qg3 h6 45. Qb8 Qf7 46. Kg3 h5 47. gxh5+ Kxh5 48. Qe5 Kg6 49. Qd6+ Qf6 50. Qc7 Bd1 51. f4 gxf4+ 52. Qxf4 Qg5+ 53. Qxg5+ Kxg5 54. Kf2 Kf6 55. Ke3 Bg4 56. Nd3 Bd1 57. Kf4 Ke6 58. Kg5 Kd6 59. Kf6 Bh5 60. Nf4 Be8 61. Ne6 Bd7 62. Nd8 Be8 63. Nb7+ Kc7 64. Nc5 Kd6 65. Nd3 Bh5 66. a3 Be2 67. Nf4 Bf3 68. Ne6 Bh5 69. Nc5 Be8 70. a4 Bh5 71. a5 Be2 72. Kf7 Bh5+ 73. Kf8 Bg6 74. Kg7 Be8 75. Nd3 Bh5 76. Nf4 Bf3 77. Nd3 Bh5 78. Nc5 Be8 79. Kf6 Bh5 80. Kg5 Bf3 81. Kf4 Be2 82. Ke3 Bc4 83. Kd2 Bb5 84. Kc2 Bc4 85. Kb2 Be2 86. Ka3 Bc4 87. Kb4 Bb5 88. Nb3 Bf1 89. Nd2 Be2 90. Ka3 Kc7 91. Ka4 Kd7 92. Kb4 Kd6 93. Nb3 Bc4 94. Nc5 Be2 95. Kb3 Bd1+ 96. Kb2 Bg4 97. Kc1 Be2 98. Kc2 Bh5 99. Kd2 Bg4 100. Ke3 Bd1 101. Kf2 Bh5 102. Kg3 Bd1 103. Kh4 Be2 104. Kg5 Bd1 105. Kg6 Be2 106. Kf7 Bh5+ 107. Kf6 Be2 108. Ne6 Bh5 109. Nd8 Be8 110. Nb7+ Kc7 111. Ke7 Kxb7 112. Kxe8 c5 113. Kd7 cxd4 114. cxd4 Ka6 115. Kc6 Kxa5 116. Kxd5 Kb4 117. Kc6 a5 118. d5 1/2-1/2

[Event "Wuerttemberg IMT"]
[Site "Lichtenstein"]
[Date "2023.09.06"]
[Round "5"]
[White "Solodovnichenko, Yuri"]
[Black "Braun, Georg"]
[Result "1/2-1/2"]
[WhiteElo "2496"]
[BlackElo "2395"]
[PlyCount "98"]
[EventDate "2023.09.02"]
[EventType "tourn"]
[EventRounds "9"]
[EventCountry "GER"]
[EventCategory "6"]
[SourceTitle "EXT 2024"]
[Source "ChessBase"]
[SourceDate "2023.10.10"]
[SourceVersion "1"]
[SourceVersionDate "2023.10.10"]
[SourceQuality "1"]

1. e4 c6 2. Nf3 d5 3. Nc3 dxe4 4. Nxe4 Nf6 5. Qe2 Nxe4 6. Qxe4 Qa5 7. Qf4 Qf5 8. Qc7 Nd7 9. Bd3 Qe6+ 10. Be2 Qd6 11. Qxd6 exd6 12. d4 Nf6 13. Bf4 Be7 14. 0-0 Bf5 15. c4 h6 16. Rfe1 0-0-0 17. h3 Rhe8 18. Rad1 Bf8 19. Kf1 Bh7 20. g4 Bc2 21. Rc1 Bh7 22. b4 g5 23. Be3 Ne4 24. Kg2 f5 25. d5 c5 26. gxf5 b6 27. bxc5 bxc5 28. Nd2 Bxf5 29. Bh5 Re7 30. Nxe4 Bxe4+ 31. f3 Bf5 32. Bd2 Kd7 33. Bc3 Rxe1 34. Rxe1 Be7 35. Kg3 Rf8 36. Re3 Bf6 37. Bxf6 Rxf6 38. Ra3 Kd8 39. h4 a5 40. hxg5 hxg5 41. Rxa5 Bd3 42. Ra8+ Kc7 43. Kg4 Bxc4 44. Kxg5 Bxd5 45. Ra7+ Kb6 46. Kxf6 Kxa7 47. Ke7 c4 48. Kxd6 c3 49. Bg6 Bxf3 1/2-1/2

[Event "GER-ch blitz"]
[Site "Magdeburg"]
[Date "2022.08.21"]
[Round "19"]
[White "Braun, Georg"]
[Black "Frischmann, Rick"]
[Result "1/2-1/2"]
[WhiteElo "2386"]
[BlackElo "2369"]
[PlyCount "127"]
[EventDate "2022.08.21"]
[EventType "tourn (blitz)"]
[EventRounds "29"]
[EventCountry "GER"]
[EventCategory "5"]
[SourceTitle "CBM 210 Extra"]
[Source "ChessBase"]
[SourceDate "2022.11.30"]
[SourceVersion "1"]
[SourceVersionDate "2022.11.30"]
[SourceQuality "1"]

1. e4 d5 2. exd5 Qxd5 3. Nc3 Qd6 4. d4 Nf6 5. Nf3 Nc6 6. Bb5 a6 7. Bxc6+ Qxc6 8. d5 Qd6 9. 0-0 g6 10. Qd4 Bg7 11. Bf4 Qb6 12. Qc4 c6 13. d6 Be6 14. Qa4 exd6 15. Bxd6 0-0-0 16. Be5 Nh5 17. Bxg7 Nxg7 18. Rad1 h5 19. Nd4 Bg4 20. Rd3 Rhe8 21. h3 Bf5 22. Nxf5 Nxf5 23. Qc4 Qc7 24. Rfd1 Rxd3 25. Qxd3 Kb8 26. a4 Qe5 27. b3 c5 28. Nd5 Nd4 29. c4 Ka7 30. b4 Ne6 31. bxc5 Nxc5 32. Qa3 Rc8 33. Qb4 Qe6 34. a5 Ne4 35. Qb6+ Kb8 36. Re1 Rxc4 37. Qd8+ Rc8 38. Nf4 Rxd8 39. Nxe6 fxe6 40. Rxe4 Rd6 41. g4 hxg4 42. Rxg4 e5 43. Rg5 Re6 44. Kg2 Kc7 45. Kf3 b6 46. axb6+ Kxb6 47. Ke4 a5 48. Kd5 Rf6 49. h4 a4 50. Rg4 Kb5 51. Kxe5 Ra6 52. Rg1 a3 53. f4 a2 54. Ra1 Kc4 55. f5 Ra5+ 56. Kf6 gxf5 57. h5 f4 58. h6 Kb3 59. h7 Ra8 60. Rf1 Rh8 61. Kg7 Rxh7+ 62. Kxh7 Kb2 63. Rf2+ Kb3 64. Rf3+ 1/2-1/2

[Event "GER-ch blitz"]
[Site "Magdeburg"]
[Date "2022.08.21"]
[Round "23"]
[White "Braun, Georg"]
[Black "Walter, Andreas"]
[Result "1-0"]
[WhiteElo "2386"]
[BlackElo "2241"]
[PlyCount "67"]
[EventDate "2022.08.21"]
[EventType "tourn (blitz)"]
[EventRounds "29"]
[EventCountry "GER"]
[EventCategory "5"]
[SourceTitle "CBM 210 Extra"]
[Source "ChessBase"]
[SourceDate "2022.11.30"]
[SourceVersion "1"]
[SourceVersionDate "2022.11.30"]
[SourceQuality "1"]

1. e4 e5 2. Nf3 Nc6 3. Bb5 Nf6 4. d3 Bc5 5. Bxc6 dxc6 6. Nbd2 Be6 7. Qe2 Nd7 8. Nb3 Bd6 9. Ng5 Nf8 10. Nxe6 Nxe6 11. Be3 c5 12. Nd2 Qd7 13. a4 a5 14. 0-0 0-0 15. Nc4 b6 16. Qg4 Rad8 17. b3 Nd4 18. Qxd7 Rxd7 19. Bxd4 cxd4 20. g3 Re8 21. Kg2 Bc5 22. f4 exf4 23. Rxf4 f6 24. Raf1 Rdd8 25. Rf5 Re6 26. g4 h6 27. h4 Kf7 28. g5 hxg5 29. hxg5 Rh8 30. Nxa5 Rh5 31. Nc4 g6 32. Ne5+ Kf8 33. Nxg6+ Kg7 34. Nf4 1-0

[Event "GER-ch blitz"]
[Site "Magdeburg"]
[Date "2022.08.21"]
[Round "6"]
[White "Gauglitz, Gernot"]
[Black "Braun, Georg"]
[Result "1-0"]
[WhiteElo "2371"]
[BlackElo "2386"]
[PlyCount "73"]
[EventDate "2022.08.21"]
[EventType "tourn (blitz)"]
[EventRounds "29"]
[EventCountry "GER"]
[EventCategory "5"]
[SourceTitle "CBM 210 Extra"]
[Source "ChessBase"]
[SourceDate "2022.11.30"]
[SourceVersion "1"]
[SourceVersionDate "2022.11.30"]
[SourceQuality "1"]

1. d4 Nf6 2. Nf3 g6 3. g3 Bg7 4. Bg2 c5 5. c3 cxd4 6. cxd4 d5 7. 0-0 0-0 8. Nc3 Nc6 9. Ne5 e6 10. Nxc6 bxc6 11. b3 c5 12. Ba3 Nd7 13. e3 Re8 14. Na4 cxd4 15. exd4 Ba6 16. Re1 Rc8 17. Qd2 Bb5 18. Nc5 Nxc5 19. Bxc5 Qd7 20. a4 Bc6 21. Qa5 Rc7 22. b4 Bf8 23. Rec1 Rec8 24. Bxf8 Kxf8 25. Rc5 Ba8 26. Rac1 Rxc5 27. dxc5 d4 28. Bxa8 Rxa8 29. c6 Qd6 30. b5 d3 31. Qc3 Ke7 32. a5 Rb8 33. Qc4 d2 34. Rd1 Qd5 35. Qxd5 exd5 36. c7 Rc8 37. b6 1-0

[Event "GER-ch blitz"]
[Site "Magdeburg"]
[Date "2022.08.21"]
[Round "22"]
[White "Krause, Benedict"]
[Black "Braun, Georg"]
[Result "1/2-1/2"]
[WhiteElo "2478"]
[BlackElo "2386"]
[PlyCount "170"]
[EventDate "2022.08.21"]
[EventType "tourn (blitz)"]
[EventRounds "29"]
[EventCountry "GER"]
[EventCategory "5"]
[SourceTitle "CBM 210 Extra"]
[Source "ChessBase"]
[SourceDate "2022.11.30"]
[SourceVersion "1"]
[SourceVersionDate "2022.11.30"]
[SourceQuality "1"]

1. e4 c6 2. d4 d5 3. Nd2 dxe4 4. Nxe4 Nf6 5. Nxf6+ exf6 6. c3 Bd6 7. Bd3 0-0 8. Qc2 Re8+ 9. Ne2 h5 10. 0-0 Nd7 11. Nf4 Bxf4 12. Bxf4 Nf8 13. Rae1 Be6 14. a3 Qd5 15. Bc1 Rad8 16. Re3 g6 17. Rfe1 Kg7 18. Qd2 Qg5 19. Qe2 Qd5 20. Qd2 Qg5 21. R3e2 Qxd2 22. Bxd2 Nd7 23. Bc4 Nf8 24. h4 Re7 25. Bf4 Red7 26. Bxe6 Nxe6 27. Be3 a5 28. a4 Rd5 29. g3 b5 30. Ra1 Rb8 31. axb5 Rdxb5 32. Ra2 Kf8 33. Kg2 Ke8 34. Bc1 Rd5 35. Ra4 Kd7 36. Be3 Rdb5 37. c4 Rb4 38. Rxa5 Rxc4 39. Ra7+ Ke8 40. Rd2 Rd8 41. Ra6 Rd6 42. b3 Rb4 43. Rc2 Kd7 44. Ra7+ Ke8 45. Ra6 Nd8 46. Rc3 Kd7 47. Ra7+ Ke8 48. Bf4 Rdxd4 49. Bc7 Rd7 50. Re3+ Kf8 51. Ra8 Rxc7 52. Rxd8+ Kg7 53. Ree8 f5 54. Rd3 Rcb7 55. Rc8 f4 56. Rxc6 fxg3 57. fxg3 Rxb3 58. Rxb3 Rxb3 59. Ra6 Re3 60. Kf2 Re6 61. Ra5 Kf6 62. Kg2 Re5 63. Ra6+ Kf5 64. Ra4 f6 65. Rf4+ Ke6 66. Ra4 Rb5 67. Rf4 Rb2+ 68. Kg1 Re2 69. Ra4 Kf5 70. Kf1 Re4 71. Ra6 g5 72. hxg5 fxg5 73. Kf2 Kg4 74. Ra3 Rb4 75. Rc3 Rb2+ 76. Kf1 Kh3 77. Rc5 Kxg3 78. Rxg5+ Kh4 79. Rg8 Rb4 80. Kg1 Rg4+ 81. Rxg4+ hxg4 82. Kg2 g3 83. Kg1 Kh3 84. Kh1 g2+ 85. Kg1 Kg3 1/2-1/2

[Event "GER-ch blitz"]
[Site "Magdeburg"]
[Date "2022.08.21"]
[Round "4"]
[White "Schneider, Ilja"]
[Black "Braun, Georg"]
[Result "1/2-1/2"]
[WhiteElo "2525"]
[BlackElo "2386"]
[PlyCount "96"]
[EventDate "2022.08.21"]
[EventType "tourn (blitz)"]
[EventRounds "29"]
[EventCountry "GER"]
[EventCategory "5"]
[SourceTitle "CBM 210 Extra"]
[Source "ChessBase"]
[SourceDate "2022.11.30"]
[SourceVersion "1"]
[SourceVersionDate "2022.11.30"]
[SourceQuality "1"]

1. e4 c6 2. d4 d5 3. exd5 cxd5 4. c4 Nf6 5. Nc3 g6 6. cxd5 Nxd5 7. Bc4 Nb6 8. Bb3 Bg7 9. Nf3 0-0 10. 0-0 Nc6 11. d5 Na5 12. Re1 Bg4 13. h3 Bxf3 14. Qxf3 Nxb3 15. axb3 Qd7 16. Be3 Nc8 17. Qg4 Qxg4 18. hxg4 Rd8 19. Red1 a6 20. g5 Nd6 21. g4 Rac8 22. Rac1 Kf8 23. Kg2 f6 24. Rh1 Kg8 25. gxf6 Bxf6 26. g5 Bg7 27. Na4 Nf5 28. Bb6 Re8 29. Nc5 Bxb2 30. Rc2 Bd4 31. Rhc1 Kf7 32. b4 Be5 33. Nxb7 Rb8 34. Bc7 Rxb7 35. Bxe5 Rxb4 36. Rh1 Rh4 37. Rxh4 Nxh4+ 38. Kh3 Nf5 39. Rc6 Rd8 40. Rxa6 Rxd5 41. f3 Rd3 42. Kg2 Ne3+ 43. Kg1 Nc4 44. Ba1 Rd1+ 45. Kf2 Rd2+ 46. Kg3 Rd3 47. Kf4 Rd1 48. Ke4 Nd6+ 1/2-1/2

[Event "GER-ch 93rd"]
[Site "Magdeburg"]
[Date "2022.08.19"]
[Round "8"]
[White "Braun, Georg"]
[Black "Krassowizkij, Jaroslaw"]
[Result "0-1"]
[WhiteElo "2398"]
[BlackElo "2429"]
[PlyCount "54"]
[EventDate "2022.08.14"]
[EventType "swiss"]
[EventRounds "9"]
[EventCountry "GER"]
[SourceTitle "CBM 209 Extra"]
[Source "ChessBase"]
[SourceDate "2022.09.30"]
[SourceVersion "1"]
[SourceVersionDate "2022.09.30"]
[SourceQuality "1"]

1. e4 e6 2. d4 d5 3. Nc3 Nf6 4. e5 Nfd7 5. f4 c5 6. Nf3 Nc6 7. Be3 cxd4 8. Nxd4 Qb6 9. Qd2 Qxb2 10. Rb1 Qa3 11. Bb5 Nxd4 12. Bxd4 a6 13. Bxd7+ Bxd7 14. Rb3 Qe7 15. Rxb7 Rc8 16. 0-0 Qa3 17. Rfb1 Bc5 18. R1b3 Bxd4+ 19. Qxd4 Qc1+ 20. Kf2 Rc4 21. Qa7 Rxf4+ 22. Kg3 Rc4 23. Kf2 Rxc3 24. Rxc3 Qd2+ 25. Kf1 Qxc3 26. Rc7 Bb5+ 27. Kg1 Qe1# 0-1

[Event "Bodensee-Cup"]
[Site "Ueberlingen/Nussdorf"]
[Date "2021.10.15"]
[Round "1.1"]
[White "Braun, Georg"]
[Black "Baenziger, Fabian"]
[Result "1/2-1/2"]
[WhiteElo "2405"]
[BlackElo "2388"]
[PlyCount "109"]
[EventDate "2021.10.15"]
[EventType "team-tourn"]
[EventRounds "3"]
[EventCountry "GER"]
[SourceTitle "EXT 2023"]
[Source "ChessBase"]
[SourceDate "2022.10.05"]
[SourceVersion "1"]
[SourceVersionDate "2022.10.05"]
[SourceQuality "1"]
[WhiteTeam "Wuerttemberg"]
[BlackTeam "Switzerland"]
[WhiteTeamCountry "GER"]
[BlackTeamCountry "SUI"]

1. c4 e5 2. g3 Nf6 3. Bg2 c6 4. d4 exd4 5. Qxd4 Na6 6. Nf3 Bc5 7. Qe5+ Be7 8. 0-0 0-0 9. Rd1 Re8 10. Qc3 d5 11. a3 Bf5 12. Be3 Nc5 13. Nbd2 a5 14. Rac1 Rc8 15. b3 Bf8 16. Nf1 Nce4 17. Qb2 Qe7 18. Ra1 g6 19. Bd4 dxc4 20. bxc4 c5 21. Bxf6 Nxf6 22. Ne3 Be4 23. Qb5 Qc7 24. Nd2 Bc6 25. Bxc6 bxc6 26. Qb3 Bh6 27. Ndf1 Ne4 28. Rab1 Qe7 29. Rd3 Ng5 30. Qd1 Rcd8 31. Rbb3 Ne6 32. Nc2 a4 33. Rbc3 Qg5 34. e3 Qf5 35. Ne1 Qe4 36. Nd2 Qf5 37. Qxa4 Ng5 38. f4 Bg7 39. Rb3 Qg4 40. Qxc6 Qe2 41. fxg5 Qxe1+ 42. Nf1 Rc8 43. Qf3 Qc1 44. Qg4 h5 45. gxh6 Bxh6 46. Rbc3 Qb2 47. Qd1 Rc6 48. Rc2 Qe5 49. Rf2 Rf6 50. Rxf6 Qxf6 51. Qe2 Qe6 52. Rb3 Qd7 53. Qf3 Qa4 54. Rc3 Bg7 55. Rc1 1/2-1/2

[Event "Baden-Baden Swiss 1st"]
[Site "Baden-Baden"]
[Date "2021.09.14"]
[Round "9"]
[White "Papadiamandis, Elliot"]
[Black "Braun, Georg"]
[Result "0-1"]
[WhiteElo "2404"]
[BlackElo "2402"]
[PlyCount "68"]
[EventDate "2021.09.09"]
[EventType "swiss"]
[EventRounds "9"]
[EventCountry "GER"]
[SourceTitle "EXT 2022"]
[Source "ChessBase"]
[SourceDate "2021.10.06"]
[SourceVersion "1"]
[SourceVersionDate "2021.10.06"]
[SourceQuality "1"]

1. e4 e6 2. d4 d5 3. Nd2 c5 4. exd5 Qxd5 5. Ngf3 cxd4 6. Bc4 Qd6 7. 0-0 Nf6 8. Nb3 Nc6 9. Nbxd4 Nxd4 10. Nxd4 Be7 11. c3 0-0 12. Qf3 Qc7 13. Bd3 Bd7 14. Re1 Rfd8 15. Bf4 Qb6 16. Be5 Qxb2 17. Reb1 Qa3 18. Rxb7 Rac8 19. c4 Kf8 20. Qe2 Be8 21. g4 a6 22. g5 Nd7 23. Bxg7+ Kxg7 24. Qe4 Nf8 25. Rxe7 Qc3 26. Rxe8 Qxa1+ 27. Kg2 Qxd4 28. Qxd4+ Rxd4 29. Rxc8 Rxd3 30. c5 Ng6 31. Kf1 Ra3 32. c6 Rxa2 33. Ra8 Rc2 34. Rxa6 Ne7 0-1

[Event "GER-ch 92nd"]
[Site "Magdeburg"]
[Date "2021.07.31"]
[Round "9"]
[White "Braun, Georg"]
[Black "Svane, Frederik"]
[Result "1/2-1/2"]
[WhiteElo "2375"]
[BlackElo "2438"]
[PlyCount "152"]
[EventDate "2021.07.25"]
[EventType "swiss"]
[EventRounds "9"]
[EventCountry "GER"]
[SourceTitle "CBM 203 Extra"]
[Source "ChessBase"]
[SourceDate "2021.09.30"]
[SourceVersion "1"]
[SourceVersionDate "2021.09.30"]
[SourceQuality "1"]

1. c4 b6 2. Nc3 Bb7 3. e4 e6 4. g3 f5 5. Bg2 Nf6 6. d3 Bc5 7. Nh3 0-0 8. 0-0 fxe4 9. Ng5 Nc6 10. Ngxe4 Nxe4 11. Nxe4 Bd4 12. Qe2 Qe7 13. Kh1 Rae8 14. f4 g6 15. Rb1 Bg7 16. Be3 Nd4 17. Bxd4 Bxd4 18. Nd2 Bxg2+ 19. Kxg2 Bg7 20. Nf3 Qd6 21. Qe4 c5 22. b3 Rb8 23. Rbc1 b5 24. Rfd1 a5 25. d4 cxd4 26. c5 Qc6 27. Qxc6 dxc6 28. Nxd4 Bxd4 29. Rxd4 Rfd8 30. Rd6 Rxd6 31. cxd6 Rc8 32. Kf3 Kf7 33. d7 Rd8 34. Rxc6 Rxd7 35. Ke2 a4 36. Rc5 axb3 37. axb3 Ra7 38. Kf3 Ra2 39. h3 Rd2 40. Rxb5 Rd3+ 41. Kg4 Kf6 42. Rb4 Re3 43. Kh4 h6 44. Rb5 Rf3 45. Rb8 Re3 46. Kg4 Rc3 47. Kh4 Re3 48. b4 Rb3 49. Kg4 Kg7 50. b5 Kf7 51. Rb7+ Kf6 52. b6 Rb5 53. Kf3 Rb3+ 54. Kf2 e5 55. Rb8 exf4 56. gxf4 Kg7 57. h4 h5 58. Ke2 Rb4 59. Kd2 Rxf4 60. Kc3 Rf1 61. Kc4 Rb1 62. Kc5 g5 63. hxg5 h4 64. Rd8 Kg6 65. Rg8+ Kh7 66. Rd8 Kg6 67. Kc6 Kxg5 68. b7 h3 69. b8Q Rxb8 70. Rxb8 Kf4 71. Kd5 h2 72. Rh8 Kg3 73. Ke4 Kg2 74. Rg8+ Kf2 75. Rf8+ Kg2 76. Rg8+ Kf2 1/2-1/2

[Event "GER-ch"]
[Site "Magdeburg"]
[Date "2020.08.21"]
[Round "8"]
[White "Braun, Georg"]
[Black "Nguyen, Alex Dac Vuong"]
[Result "1/2-1/2"]
[WhiteElo "2360"]
[BlackElo "2366"]
[PlyCount "90"]
[EventDate "2020.08.16"]
[EventType "swiss"]
[EventRounds "9"]
[EventCountry "GER"]
[SourceTitle "CBM 197 Extra"]
[Source "ChessBase"]
[SourceDate "2020.09.30"]
[SourceVersion "1"]
[SourceVersionDate "2020.09.30"]
[SourceQuality "1"]

1. e4 c6 2. d4 d5 3. exd5 cxd5 4. Bd3 Nf6 5. c3 Nc6 6. h3 g6 7. Nf3 Qc7 8. 0-0 Bf5 9. Be2 Bg7 10. Re1 0-0 11. Be3 a6 12. Nbd2 Rac8 13. Bf1 Rfd8 14. Nb3 Qb6 15. Bf4 Ne4 16. Nh4 e5 17. Be3 exd4 18. Nxd4 Nxd4 19. Nxf5 gxf5 20. Rb1 Ne2+ 21. Qxe2 d4 22. cxd4 Bxd4 23. Bxd4 Rxd4 24. Qe3 Qd6 25. Rbc1 Rd8 26. Qf3 Qg6 27. Be2 Ng5 28. Qb3 b5 29. Rcd1 Ne6 30. Rxd4 Rxd4 31. Qe3 Re4 32. Qg3 Qxg3 33. fxg3 Kg7 34. Kf2 Kf6 35. Rc1 Rd4 36. Ke3 Re4+ 37. Kf2 Rd4 38. Ke1 Rd6 39. Rc8 Ng5 40. g4 fxg4 41. Bxg4 Ke5 42. Ke2 Ne4 43. Ke3 Nf6 44. Bf3 Nd5+ 45. Bxd5 Kxd5 1/2-1/2

[Event "GER-ch"]
[Site "Magdeburg"]
[Date "2020.08.20"]
[Round "6"]
[White "Braun, Georg"]
[Black "Voege, Tobias"]
[Result "1-0"]
[WhiteElo "2360"]
[BlackElo "2326"]
[PlyCount "33"]
[EventDate "2020.08.16"]
[EventType "swiss"]
[EventRounds "9"]
[EventCountry "GER"]
[SourceTitle "CBM 197 Extra"]
[Source "ChessBase"]
[SourceDate "2020.09.30"]
[SourceVersion "1"]
[SourceVersionDate "2020.09.30"]
[SourceQuality "1"]

1. e4 c5 2. Nf3 b6 3. d4 cxd4 4. Nxd4 Bb7 5. Nc3 a6 6. Bg5 Qc7 7. Bd3 e6 8. 0-0 Bd6 9. Kh1 Ne7 10. Bxa6 Be5 11. Ndb5 Qc6 12. Bxb7 Qxb7 13. Qd6 0-0 14. Qxe5 f6 15. Qc7 Qxc7 16. Nxc7 Ra7 17. N7b5 1-0